Statistics for Mythical Creatures Quiz #1

Click here to take the quiz!

General Stats

  • This quiz has been taken 419,538 times
    (312,306 since last reset)
  • The average score is 14 of 22

Answer Stats

DescriptionCreature% Correct
Horse with a horn on its foreheadUnicorn
99%
Half woman - half fishMermaid
96%
Human who becomes a
wolf-like beast under the full moon
Werewolf
87%
Bird that rises from its own ashesPhoenix
87%
Arabic spirit that might appear
from a magic lamp
Genie
84%
One-eyed giantCyclops
82%
Huge, stupid creature that might
live under a bridge
Troll
78%
Half man - half horseCentaur
76%
Tiny, mischievous, gold-hording Irish spiritLeprechaun
74%
Abominable snowmanYeti
74%
Head of a bull - body of a manMinotaur
66%
Gigantic octopus-like sea monsterKraken
64%
Many-headed water serpentHydra
53%
Irish spirit with a piercing wailBanshee
51%
3-headed dog that guards HadesCerberus
51%
Body of a lion - head and wings of an eagleGriffin
50%
Pacific Northwest bigfootSasquatch
45%
Latin American animal that drinks
the blood of livestock
Chupacabra
43%
What Medusa wasGorgon
41%
Ugly, bird-winged womanHarpy
40%
Half man, half goat with a perpetual erectionSatyr
40%
Rooster / serpent hybrid that can kill
with a glance
Basilisk
36%

Score Distribution

Percentile by Number Answered

Percent of People with Each Score

Your Score History

You have not taken this quiz since the last reset